1607 1117 1620 1735 1237 1637 1801 1971 1734 1358 1323 1620 1800 1342 1062 1910 1184 1719 1743 1196 1850 1345 1019 1168 1984 1042 1561 1538 1885 1737 1290 1617 1673 1279 1789 1396 1310 1289 1056 1083 1983 1348 1788 1905 1765 1620 1287 1531 1573 1377 1287 1000 1515 1927 1747 1612 1134 1273 1845 1595 1819 1666 1452 1066 1007 1388 1217 1891 1678 1303 1828 1154 1874 1885 1605 1329 1694 1531 1191 1171 1041 1493 1948 1990 1201 1050 1207 1991 1632 1801 1353 1662 1124 1193 1790 1515 1924 1089 1392 BCNSPRNW ULIB Ver.6.0+V

เปลี่ยนเป็นภาษาไทย

Change to English
 แสดงรายละเอียดบรรณานุกรม
  กลับหน้าหลัก

Brief Record : Get Marc (ISO 2709) : E-mail record : QR code < ปิดหน้าต่าง
LEADER : 00000nam 2200000uu 4500
001    13399126489
003     ULIB
008    180921s2560||||th 000 0 tha d
020    ^a9786169299127
040    ^abnc
060 04 ^aWY105^bค181
245 00 ^aการพยาบาลเพื่อความปลอดภัย : สมรรถนะพยาบาล CVT /^cเพ็ญจันทร์ แสนประสาน;บรรณาธิการ, ดวงกมล วัตราดุลย์, บุปผาวัลย์ ศรีล้ำ
250    ^aพิมพ์ครั้งที่ 2
260    ^aกรุงเทพฯ :^bสุขขุมวิทการพิมพ์,^c2560
300    ^a[5], 255 หน้า :^bตาราง ;^c28 ซม.
500    ^aชื่อเรื่องหน้าปก : การพยาบาลเพื่อความปลอดภัย : สมรรถนะพยาบาล CVT
650  4 ^aความปลอดภัย^xพยาบาล
650  4 ^aการพยาบาล, การดูแล
650  4 ^aความปลอดภัยของผู้ป่วย^xการรักษา
650  4 ^aสมรรถนะ^xพยาบาล
700 0  ^aเพ็ญจันทร์ แสนประสาน,^eบรรณธิการ.
700 0  ^aดวงกมล วัตราดุลย์
700 0  ^aบุปผาวัลย์ ศรีล้ำ
945    ^p280^l0^i26697
945    ^p280^l0^i26690
945    ^p280^l0^i26691
945    ^p280^l0^i26698
999    ^aกัณชพร จุลอักษร
รายการนี้ยังไม่มีแท็ก
คุณยังไม่ได้ล็อกอิน คุณสามารถมีกิจกรรมร่วมกับเว็บไซต์ได้ แต่ต้องล็อกอินก่อน ::
  ล็อกอิน

รายการสื่อสารสนเทศ

ลำดับที่ ประเภท เลขเรียก/บาร์โค้ด สถานที่ สถานะ
1. หนังสือสำรอง
หนังสือสำรอง
WY105 ค181 ฉ.1 
  Barcode: 26690
ห้องสมุดวิทยาเขตนครสวรรค์
►หนังสือทั่วไป:l:General Books
บนชั้น
2. วิทยาศาสตร์การแพทย์ และสุขภาพ
วิทยาศาสตร์การแพทย์ และสุขภาพ
WY105 ค181 ฉ.2 
  Barcode: 26691
ห้องสมุดวิทยาเขตนครสวรรค์
►หนังสือทั่วไป:l:General Books
บนชั้น
3. วิทยาศาสตร์การแพทย์ และสุขภาพ
วิทยาศาสตร์การแพทย์ และสุขภาพ
WY105 ค181 ฉ.3 
  Barcode: 26697
ห้องสมุดวิทยาเขตนครสวรรค์
►หนังสือทั่วไป:l:General Books
บนชั้น
4. วิทยาศาสตร์การแพทย์ และสุขภาพ
วิทยาศาสตร์การแพทย์ และสุขภาพ
WY105 ค181 ฉ.4 
  Barcode: 26698
ห้องสมุดวิทยาเขตนครสวรรค์
►หนังสือทั่วไป:l:General Books
บนชั้น

รายการใกล้เคียง
    หัวเรื่อง [การพยาบาล, การดูแล]

BibComment


ยังไม่เคยถูกคอมเมนท์

คอมเมนท์ทรัพยากรรายการนี้
  คอมเมนท์: การพยาบาลเพื่อคว..


 Copyright 2026. Bcnsprnw @Library